| 000 | 00609nam a22002177a 4500 | ||
|---|---|---|---|
| 003 | OSt | ||
| 005 | 20140310182006.0 | ||
| 008 | 130729t xxu||||| |||| 00| 0 eng d | ||
| 020 | _a0451524756 | ||
| 050 |
_aPS 1322 _b.T969 1988 |
||
| 082 |
_aCLA _bT91c 19 |
||
| 100 |
_aTwain, Mark _93693 |
||
| 245 |
_aA Connecticut yankee in King Arthur's court / _bMark Twain. |
||
| 260 |
_aNew York : _bPenguin Group, _c1988, [1965] |
||
| 300 |
_a329 p. ; _c18 cm. |
||
| 541 | _j1 | ||
| 562 | _e1 | ||
| 650 |
_a Fantasy _93293 |
||
| 650 | _aAdventures and Adventurers--Fiction | ||
| 942 |
_2lcc _cBBK _kCLA |
||
| 999 |
_c8056 _d8056 |
||